[Event "Weekend Accademia A Primavera"]
[Site "Roma ITA"]
[Date "2008.04.18"]
[Round "2"]
[White "Caprio, Guido"]
[Black "De Carolis, Massimo"]
[Result "1-0"]
[WhiteElo "2140"]
[BlackElo "1980"]
[PlyCount "96"]
[EventDate "2008.04.18"]

1. e4 c5 2. Nf3 Nc6 3. d4 cxd4 4. Nxd4 Nf6 5. Nc3 e5 6. Ndb5 d6 7. Bg5 a6 8.
Na3 Be6 9. Nd5 Bxd5 10. Qxd5 Nxd5 11. Bxd8 Rxd8 12. exd5 Ne7 13. c4 g6 14. h4
Bg7 15. Rh3 O-O 16. O-O-O Rc8 17. Kb1 Nf5 18. Rb3 Rc7 19. Rb6 Rd8 20. g3 Nd4
21. Bh3 f5 22. h5 g5 23. g4 f4 24. Re1 Nf3 25. Re2 Ng1 26. Bf1 Nxe2 27. Bxe2 e4
28. f3 exf3 29. Bxf3 Re7 30. Nc2 Bf8 31. Nd4 Rdd7 32. Ne6 Bg7 33. Kc2 h6 34.
Kd3 Bf6 35. c5 dxc5 36. Kc4 Bd4 37. b4 Be5 38. bxc5 Kf7 39. Be4 Kg8 40. c6 bxc6
41. dxc6 Ra7 42. Kd5 Bc7 43. Nxc7 Rexc7 44. Kd6 Rc8 45. Rb7 Raa8 46. Bd5+ Kh8
47. Rd7 Rf8 48. c7 f3 1-0

[Event "Weekend Accademia A Primavera"]
[Site "Roma ITA"]
[Date "2008.04.18"]
[Round "2"]
[White "Di Lascio, Savino"]
[Black "Protaziuk, Grzegorz"]
[Result "1/2-1/2"]
[WhiteElo "1997"]
[BlackElo "2335"]
[PlyCount "198"]
[EventDate "2008.04.18"]

1. e4 c5 2. Nf3 Nc6 3. g3 g6 4. Bg2 Bg7 5. O-O e5 6. d3 d6 7. c3 Nge7 8. h3 O-O
9. Nh2 Be6 10. Ng4 Qd7 11. Kh2 f5 12. Ne3 f4 13. Nd5 Rf7 14. Nd2 Raf8 15. g4 h5
16. Bf3 hxg4 17. Bxg4 f3 18. Rg1 Bh6 19. Nf1 Rh7 20. Bxh6 Rxh6 21. Nfe3 Kg7 22.
Rg3 Rh4 23. Bxe6 Qxe6 24. Rxf3 Rhf4 25. Nxf4 exf4 26. Ng4 g5 27. Qb3 Qd7 28. d4
Rh8 29. Rg1 Ng6 30. Qd5 Rh5 31. e5 Qf5 32. Qxd6 Nh4 33. Qf6+ Qxf6 34. exf6+ Kf7
35. Rd3 c4 36. Rdd1 Nf3+ 37. Kg2 Nxg1 38. Rxg1 Rh8 39. Re1 Rd8 40. Kf3 Kg6 41.
h4 gxh4 42. Kxf4 h3 43. Rh1 Rh8 44. f3 Nd8 45. Kg3 Nf7 46. Ne5+ Kxf6 47. Nxf7
Kxf7 48. Rxh3 Rb8 49. Kf4 Kg6 50. Rg3+ Kf6 51. Rg5 Rh8 52. Rc5 Rh2 53. b3 Rxa2
54. Rxc4 a5 55. Rc7 b6 56. Rb7 Rc2 57. Rxb6+ Ke7 58. Rb5 Rxc3 59. Ke4 Ke6 60.
f4 Rh3 61. d5+ Kd6 62. Kf5 Rh8 63. Rb6+ Kxd5 64. Ra6 Rf8+ 65. Kg5 Rg8+ 66. Kf5
Rf8+ 67. Kg4 Rg8+ 68. Kf3 Rb8 69. Rxa5+ Ke6 70. Re5+ Kf6 71. Re3 Kf5 72. Rc3
Rb4 73. Ke3 Re4+ 74. Kd3 Rxf4 75. Rc4 Rf3+ 76. Kc2 Ke5 77. Kb2 Kd6 78. Ka3 Rf8
79. b4 Kd5 80. Rc5+ Kd6 81. Ka4 Ra8+ 82. Kb5 Rb8+ 83. Kc4 Rh8 84. Kb3 Rb8 85.
Rc4 Kd5 86. Rc1 Kd6 87. Ka4 Ra8+ 88. Kb5 Rb8+ 89. Ka4 Ra8+ 90. Kb3 Rb8 91. Rc4
Kd5 92. Kc3 Kd6 93. Rc5 Rg8 94. Kc4 Rh8 95. Rg5 Kc6 96. Rg6+ Kb7 97. Kb5 Rh5+
98. Ka4 Rf5 99. b5 Rf1 1/2-1/2

[Event "Weekend Accademia A Primavera"]
[Site "Roma ITA"]
[Date "2008.04.18"]
[Round "2"]
[White "Foschini, Andrea"]
[Black "Mazza, Maurizio"]
[Result "0-1"]
[WhiteElo "1844"]
[BlackElo "1750"]
[PlyCount "34"]
[EventDate "2008.04.18"]

1. e4 e5 2. Nf3 Nc6 3. Bb5 Nf6 4. O-O d6 5. Re1 Bg4 6. h3 Bh5 7. c3 Be7 8. g4
Bg6 9. Qa4 Qd7 10. d4 Nxg4 11. d5 Nxf2 12. Kxf2 Qxh3 13. Bf1 Bh4+ 14. Ke2 Qg4
15. dxc6 b5 16. Qxb5 Qxe4+ 17. Kd1 Qc2# 0-1

[Event "Weekend Accademia A Primavera"]
[Site "Roma ITA"]
[Date "2008.04.18"]
[Round "2"]
[White "Maddaloni, Giovanni"]
[Black "Gouma, Ronald"]
[Result "1/2-1/2"]
[WhiteElo "1809"]
[BlackElo "1920"]
[PlyCount "66"]
[EventDate "2008.04.18"]

1. e4 c5 2. Nc3 e6 3. f4 Nc6 4. Bb5 Nge7 5. Nf3 a6 6. Bxc6 Nxc6 7. O-O g6 8. d3
Bg7 9. Qe1 O-O 10. Ne2 d5 11. e5 Nb4 12. Qd1 d4 13. a3 Nd5 14. Ng3 f5 15. Qe2
b5 16. Bd2 a5 17. c3 dxc3 18. bxc3 Ba6 19. Ng5 Qd7 20. Rfd1 h6 21. Nf3 b4 22.
axb4 cxb4 23. c4 Nb6 24. Be3 Qc6 25. Rxa5 Nd7 26. Qf2 Bb7 27. Rda1 Rxa5 28.
Rxa5 Ra8 29. Qa2 Rxa5 30. Qxa5 g5 31. Qd8+ Kf7 32. Nh5 gxf4 33. Bxf4 Qc8
1/2-1/2

[Event "Weekend Accademia A Primavera"]
[Site "Roma ITA"]
[Date "2008.04.18"]
[Round "2"]
[White "Musmarra, Giovanni"]
[Black "Iovino, Antonino"]
[Result "0-1"]
[WhiteElo "1744"]
[BlackElo "1829"]
[PlyCount "90"]
[EventDate "2008.04.18"]

1. e4 e5 2. Nf3 Nc6 3. Bc4 Be7 4. d4 exd4 5. Nxd4 Nf6 6. Nc3 O-O 7. O-O Ne5 8.
Bb3 d6 9. f4 Bg4 10. Qe1 Ned7 11. h3 c5 12. Ndb5 Be6 13. Qd1 Bxb3 14. axb3 Qb6
15. Be3 a6 16. Na3 Qc6 17. Qd3 b5 18. Nd5 Nxd5 19. exd5 Qb7 20. c4 Rfb8 21.
cxb5 axb5 22. Rac1 b4 23. Nc4 Nb6 24. Rcd1 Nxc4 25. bxc4 Ra2 26. Bc1 b3 27.
Rde1 Bf6 28. Qe4 h6 29. Re2 Ra4 30. Rfe1 Qb4 31. Qf5 Raa8 32. Qd3 Qa4 33. g4
Re8 34. Rxe8+ Rxe8 35. Rxe8+ Qxe8 36. Kg2 Qe1 37. Qf5 Be7 38. Qb1 Bh4 39. Qf5
Qf2+ 40. Kh1 Qe1+ 41. Kg2 Qf2+ 42. Kh1 Qf3+ 43. Kg1 Bf2+ 44. Kf1 Bg3+ 45. Kg1
Qf2+ 0-1

[Event "Weekend Accademia A Primavera"]
[Site "Roma ITA"]
[Date "2008.04.18"]
[Round "2"]
[White "Pastore, Cosmas"]
[Black "Gasperoni, Claudio"]
[Result "1/2-1/2"]
[WhiteElo "1805"]
[BlackElo "1845"]
[PlyCount "105"]
[EventDate "2008.04.18"]

1. e4 e5 2. Nf3 Nc6 3. Nc3 Nf6 4. Bb5 d6 5. d4 Bd7 6. O-O Be7 7. Re1 a6 8. Bxc6
Bxc6 9. dxe5 dxe5 10. Qxd8+ Rxd8 11. Nxe5 Bxe4 12. Nxe4 Nxe4 13. Bf4 Nd6 14.
Nf3 f6 15. Rad1 Kf7 16. h3 g5 17. Bg3 c5 18. Bxd6 Bxd6 19. Rd3 g4 20. Nh4 c4
21. Rdd1 gxh3 22. g3 Bc5 23. Rxd8 Rxd8 24. Nf3 h2+ 25. Kg2 b5 26. Rf1 Re8 27.
Nxh2 Re2 28. Rc1 Rxf2+ 29. Kh3 f5 30. Rf1 Kg6 31. Rxf2 Bxf2 32. Nf3 Be3 33. Kg2
f4 34. gxf4 Bxf4 35. b3 cxb3 36. cxb3 Kf5 37. Nd4+ Ke4 38. Nc6 Bd6 39. Nd8 Kd3
40. Nb7 Be7 41. Na5 Kc3 42. Nc6 Bd6 43. Na5 Kb2 44. a4 h5 45. axb5 axb5 46. Nc6
Bc5 47. Kh3 Kxb3 48. Kh4 Kc4 49. Kxh5 Bb6 50. Kg4 Kc5 51. Ne5 Kd5 52. Nd3 Kd4
53. Nf4 1/2-1/2

[Event "Weekend Accademia A Primavera"]
[Site "Roma ITA"]
[Date "2008.04.18"]
[Round "2"]
[White "Pecorari, Marcello"]
[Black "Proietti, Giorgio"]
[Result "1/2-1/2"]
[WhiteElo "2075"]
[BlackElo "1944"]
[PlyCount "52"]
[EventDate "2008.04.18"]

1. e4 e6 2. d4 d5 3. exd5 exd5 4. c4 Nf6 5. Nc3 c6 6. Nf3 Be7 7. Be3 Bg4 8. Bd3
O-O 9. O-O dxc4 10. Bxc4 Nbd7 11. h3 Bxf3 12. Qxf3 Nb6 13. Bd3 Nbd5 14. Rad1
Qc7 15. Bg5 Rfe8 16. Rfe1 Rad8 17. Ne4 Nxe4 18. Qxe4 g6 19. Bh6 Qd7 20. Qf3 Bf6
21. Rxe8+ Rxe8 22. Bc4 Bg7 23. Bxg7 Kxg7 24. Bxd5 Qxd5 25. Qxd5 cxd5 26. Kf1
Re7 1/2-1/2

[Event "Weekend Accademia A Primavera"]
[Site "Roma ITA"]
[Date "2008.04.18"]
[Round "2"]
[White "Piscitelli, Vito"]
[Black "Quimi, Marco"]
[Result "0-1"]
[WhiteElo "1967"]
[BlackElo "2253"]
[PlyCount "100"]
[EventDate "2008.04.18"]

1. e4 g6 2. d4 Bg7 3. Nc3 d6 4. Be3 Nf6 5. Be2 O-O 6. Qd2 e5 7. dxe5 dxe5 8.
O-O-O Qxd2+ 9. Rxd2 c6 10. f3 Nbd7 11. Bc4 Re8 12. Nge2 Nf8 13. Rhd1 b5 14. Bb3
a5 15. a4 b4 16. Nb1 Ba6 17. Ng3 Ne6 18. Bxe6 fxe6 19. Rf2 c5 20. Nd2 c4 21.
Ndf1 Bf8 22. Bg5 Be7 23. Bh6 Rac8 24. Ne3 Bc5 25. Ngf1 c3 26. b3 Nh5 27. Ng4
Bxf2 28. Nxf2 Red8 29. Re1 Nf4 30. Ne3 Rd2 31. Nfg4 Nxg2 32. Nxg2 Rxg2 33. Kb1
Rd8 34. Nxe5 Be2 35. Kc1 Rxh2 36. Ng4 Rg2 37. Ne3 Rf2 38. Bg5 Rd7 39. Ng4 Rxf3
40. Nf6+ Rxf6 41. Bxf6 Bf3 42. e5 h6 43. Rf1 Bh5 44. Bh4 Rd5 45. Bg3 g5 46. Re1
Rd2 47. Rf1 Rg2 48. Be1 Bg6 49. Rf2 Rg1 50. Kd1 Bh5+ 0-1

[Event "Weekend Accademia A Primavera"]
[Site "Roma ITA"]
[Date "2008.04.18"]
[Round "2"]
[White "Prudenzano, Ruggero"]
[Black "Di Mauro, Sebastiano"]
[Result "1-0"]
[WhiteElo "1926"]
[BlackElo "1808"]
[PlyCount "93"]
[EventDate "2008.04.18"]

1. d4 Nf6 2. c4 g6 3. Nc3 Bg7 4. e4 d6 5. Nge2 O-O 6. Ng3 c5 7. d5 b5 8. cxb5
a6 9. a4 axb5 10. Bxb5 Ba6 11. O-O Bxb5 12. Nxb5 Na6 13. Bd2 Qb6 14. Bc3 Nc7
15. Qe2 Rab8 16. Nxc7 Qxc7 17. f4 Rb3 18. a5 Qa7 19. Qc4 Rfb8 20. e5 Ng4 21.
Rfe1 R8b4 22. Qe2 Rxf4 23. h3 Nxe5 24. Kh1 c4 25. a6 Rb8 26. Qe3 Qxe3 27. Rxe3
e6 28. a7 Ra8 29. dxe6 fxe6 30. Ne2 Rf7 31. Bd4 Re7 32. Ra6 Nf7 33. Rea3 e5 34.
Bf2 d5 35. Rb6 Ree8 36. Nc3 d4 37. Ne4 Rec8 38. Bh4 Bf8 39. Ra1 c3 40. bxc3
dxc3 41. Nxc3 Bc5 42. Nd5 Kg7 43. Rb7 Bd4 44. Rf1 Rf8 45. Be7 Rfc8 46. Bd6 Rd8
47. Rfxf7+ 1-0

[Event "Weekend Accademia A Primavera"]
[Site "Roma ITA"]
[Date "2008.04.18"]
[Round "2"]
[White "Spano' Cuomo, Gaetano"]
[Black "Gatta, Flavio"]
[Result "1-0"]
[WhiteElo "1895"]
[BlackElo "1766"]
[PlyCount "53"]
[EventDate "2008.04.18"]

1. d4 Nf6 2. c4 c5 3. d5 b5 4. cxb5 a6 5. bxa6 Bxa6 6. Nc3 g6 7. Nf3 Bg7 8. e4
Bxf1 9. Kxf1 d6 10. Bd2 O-O 11. g3 Qb6 12. Qc1 Na6 13. Kg2 Rfb8 14. Rb1 Nd7 15.
a3 c4 16. h4 Qb3 17. h5 Nac5 18. hxg6 fxg6 19. Bh6 Bxc3 20. bxc3 Qxa3 21. Rxb8+
Nxb8 22. Qg5 Qa7 23. Qh4 Qd7 24. Be3 e5 25. Bxc5 dxc5 26. Nxe5 Qg7 27. Qd8+ 1-0

[Event "Weekend Accademia A Primavera"]
[Site "Roma ITA"]
[Date "2008.04.18"]
[Round "2"]
[White "Tosi, Francesco"]
[Black "Lantini, Marco"]
[Result "1-0"]
[WhiteElo "1826"]
[BlackElo "2244"]
[PlyCount "131"]
[EventDate "2008.04.18"]

1. Nf3 c5 2. c4 g6 3. Nc3 Bg7 4. g3 Nc6 5. Bg2 e5 6. d3 Nge7 7. e4 d6 8. Bg5 f6
9. Be3 O-O 10. Qd2 a6 11. O-O Rb8 12. Nd5 b5 13. b3 Rb7 14. Bh6 Bxh6 15. Qxh6
Nxd5 16. cxd5 Nb8 17. h4 Bg4 18. Qd2 Rg7 19. Ne1 Qb6 20. Kh2 a5 21. Nc2 Bc8 22.
a4 Ba6 23. Bh3 bxa4 24. bxa4 Qb3 25. Ra3 Qb2 26. Qc3 Rb7 27. Be6+ Kh8 28. f4
Qxc3 29. Rxc3 Rb2 30. fxe5 dxe5 31. Rf2 Kg7 32. g4 Rd8 33. Kg3 Nd7 34. g5 Ra2
35. Bxd7 Rxd7 36. gxf6+ Kf7 37. Ne3 Rxf2 38. Kxf2 h5 39. Rb3 Rd6 40. Nc4 Rxf6+
41. Ke3 Bxc4 42. Rb7+ Ke8 43. dxc4 Rf4 44. d6 Rxh4 45. Re7+ Kd8 46. Rxe5 Kd7
47. Rxc5 Kxd6 48. Rxa5 Rg4 49. Rb5 h4 50. Rb8 Rg1 51. a5 g5 52. Rh8 Ra1 53. a6
Ke5 54. Re8+ Kf6 55. e5+ Kf5 56. Kd4 Rxa6 57. c5 h3 58. Kd5 Ra1 59. Rf8+ Kg6
60. Rh8 g4 61. c6 Ra7 62. Kd6 Kf5 63. e6 Kf6 64. Rf8+ Kg7 65. e7 h2 66. e8=Q
1-0

[Event "Weekend Accademia A Primavera"]
[Site "Roma ITA"]
[Date "2008.04.18"]
[Round "2"]
[White "Tosoni, Augusto"]
[Black "Parrini, Daniele"]
[Result "1/2-1/2"]
[WhiteElo "2265"]
[BlackElo "2054"]
[PlyCount "21"]
[EventDate "2008.04.18"]

1. c4 Nf6 2. d4 g6 3. Nc3 d5 4. cxd5 Nxd5 5. e4 Nxc3 6. bxc3 Bg7 7. Bc4 c5 8.
Ne2 O-O 9. h3 Nc6 10. Be3 Qc7 11. Qd2 1/2-1/2

[Event "Weekend Accademia A Primavera"]
[Site "Roma ITA"]
[Date "2008.04.19"]
[Round "3"]
[White "De Carolis, Massimo"]
[Black "Tosi, Francesco"]
[Result "0-1"]
[WhiteElo "1980"]
[BlackElo "1826"]
[PlyCount "60"]
[EventDate "2008.04.18"]

1. e4 c5 2. Nf3 e6 3. d4 cxd4 4. Nxd4 Nc6 5. Nc3 a6 6. Be2 Qc7 7. O-O Nf6 8.
Be3 b5 9. a3 Bb7 10. Nb3 Ne5 11. f3 h5 12. Qd2 h4 13. Bf4 h3 14. g4 d6 15. Rad1
Be7 16. Qe3 Bc6 17. Bg3 Rc8 18. Qd4 Nfd7 19. f4 Ng6 20. f5 e5 21. Qd2 Nh4 22.
g5 Qb7 23. Na5 Qb6+ 24. Bf2 Qxa5 25. Bg4 Ng2 26. f6 gxf6 27. gxf6 Bf8 28. b4
Qc7 29. Nd5 Bxd5 30. Qxd5 Nxf6 0-1

[Event "Weekend Accademia A Primavera"]
[Site "Roma ITA"]
[Date "2008.04.19"]
[Round "3"]
[White "Di Mauro, Sebastiano"]
[Black "Bolog, Iacint"]
[Result "1-0"]
[WhiteElo "1808"]
[BlackElo "1697"]
[PlyCount "49"]
[EventDate "2008.04.18"]

1. e4 e5 2. f4 d6 3. Nf3 exf4 4. Bc4 Be7 5. O-O g5 6. d4 Bg4 7. c3 c6 8. Qb3 b5
9. Bxf7+ Kf8 10. Nxg5 Bxg5 11. Bxf4 Kg7 12. h3 Be2 13. Rf2 Bxf4 14. Rxf4 Nh6
15. Rf2 Bd3 16. c4 bxc4 17. Bxc4 Bxc4 18. Qg3+ Ng4 19. Qxg4+ Kh6 20. Qf4+ Kg6
21. Rf3 Be6 22. Rg3+ Kh5 23. Rg7 Na6 24. g4+ Kh4 25. Kh2 1-0

[Event "Weekend Accademia A Primavera"]
[Site "Roma ITA"]
[Date "2008.04.19"]
[Round "3"]
[White "Gasperoni, Claudio"]
[Black "Maddaloni, Giovanni"]
[Result "0-1"]
[WhiteElo "1845"]
[BlackElo "1809"]
[PlyCount "34"]
[EventDate "2008.04.18"]

1. d4 Nf6 2. Nf3 g6 3. c4 d5 4. Nc3 Bg7 5. Bg5 c6 6. e3 O-O 7. cxd5 cxd5 8. Bd3
Nbd7 9. O-O h6 10. Bxf6 Nxf6 11. Re1 Bd7 12. Na4 Ne4 13. Bxe4 dxe4 14. Nd2 f5
15. Nc4 Be8 16. Ne5 Bf7 17. Qd2 Bxe5 0-1

[Event "Weekend Accademia A Primavera"]
[Site "Roma ITA"]
[Date "2008.04.19"]
[Round "3"]
[White "Gouma, Ronald"]
[Black "Pastore, Cosmas"]
[Result "1-0"]
[WhiteElo "1920"]
[BlackElo "1805"]
[PlyCount "99"]
[EventDate "2008.04.18"]

1. e4 d5 2. exd5 Qxd5 3. d4 e5 4. dxe5 Qxd1+ 5. Kxd1 Nc6 6. Bb5 Bd7 7. Nf3
O-O-O 8. Bg5 Be7 9. Bxe7 Ngxe7 10. Nbd2 Bg4 11. Kc1 h6 12. a4 Rhe8 13. h3 Bh5
14. g4 Bg6 15. Nh4 Bh7 16. f4 a6 17. Bc4 Nd5 18. Ng2 Re7 19. c3 Nb6 20. Bb3
Red7 21. Nb1 Be4 22. Rg1 Kb8 23. e6 fxe6 24. Bxe6 Rd6 25. f5 Ne5 26. Nf4 Nec4
27. a5 Ne3 28. Bb3 Nbc4 29. Ne6 R8d7 30. Nc5 Re7 31. Re1 Bxb1 32. Bxc4 Re5 33.
Rxb1 Nxc4 34. Rxe5 Nxe5 35. Kc2 Nc4 36. Ne4 Ne3+ 37. Kb3 Rd7 38. Re1 Ng2 39.
Rf1 Rd3 40. Rf2 Ne1 41. Re2 Nf3 42. Kc2 Rd5 43. b4 b6 44. axb6 cxb6 45. Re3 Nh4
46. Nd2 Ng2 47. Re7 Nf4 48. h4 g6 49. f6 Rd6 50. f7 1-0

[Event "Weekend Accademia A Primavera"]
[Site "Roma ITA"]
[Date "2008.04.19"]
[Round "3"]
[White "Iovino, Antonino"]
[Black "Piscitelli, Vito"]
[Result "0-1"]
[WhiteElo "1829"]
[BlackElo "1967"]
[PlyCount "104"]
[EventDate "2008.04.18"]

1. e4 c5 2. Nf3 d6 3. d4 cxd4 4. Nxd4 Nf6 5. Nc3 g6 6. Be2 Bg7 7. Be3 O-O 8.
O-O Nc6 9. Nb3 a6 10. f4 b5 11. a3 Bb7 12. Bf3 Nd7 13. Qc1 Na5 14. Nxa5 Qxa5
15. Qe1 Rfe8 16. Qf2 Qc7 17. Rad1 Rac8 18. Bd4 Bxd4 19. Qxd4 Qb6 20. Kh1 Qxd4
21. Rxd4 Nb6 22. Be2 Rc5 23. Rd2 Rec8 24. Bd3 Nc4 25. Bxc4 Rxc4 26. Re1 b4 27.
axb4 Rxb4 28. Nd1 Rxe4 29. Rxe4 Bxe4 30. c3 f5 31. Kg1 Kf7 32. g3 Ke6 33. Kf2
d5 34. Ke3 a5 35. Nf2 a4 36. Nxe4 fxe4 37. Rc2 Rc4 38. Kd2 Kf5 39. Rc1 Kg4 40.
Ke2 Kh3 41. Re1 e6 42. Kf2 Kxh2 43. g4 Kh3 44. Rg1 Rc7 45. g5 Rb7 46. Rb1 Rb3
47. Ke3 a3 48. Kd4 Rxb2 49. Ra1 a2 50. Ke3 Kg4 51. Rg1+ Kf5 52. Ra1 Rc2 0-1

[Event "Weekend Accademia A Primavera"]
[Site "Roma ITA"]
[Date "2008.04.19"]
[Round "3"]
[White "Lantini, Marco"]
[Black "Musmarra, Giovanni"]
[Result "1-0"]
[WhiteElo "2244"]
[BlackElo "1744"]
[PlyCount "38"]
[EventDate "2008.04.18"]

1. d4 d5 2. c4 e6 3. Nf3 Nf6 4. g3 c6 5. Bg2 Be7 6. O-O O-O 7. Qc2 Nbd7 8. b3
dxc4 9. bxc4 c5 10. e3 Re8 11. Rd1 Qc7 12. d5 exd5 13. cxd5 Ne5 14. Nxe5 Qxe5
15. Bb2 Qc7 16. Nc3 b6 17. d6 Bxd6 18. Nb5 Qd7 19. Nxd6 Ba6 1-0

[Event "Weekend Accademia A Primavera"]
[Site "Roma ITA"]
[Date "2008.04.19"]
[Round "3"]
[White "Mazza, Maurizio"]
[Black "Spano' Cuomo, Gaetano"]
[Result "1-0"]
[WhiteElo "1750"]
[BlackElo "1895"]
[PlyCount "109"]
[EventDate "2008.04.18"]

1. e4 e5 2. Nf3 Nc6 3. d4 d6 4. dxe5 Nxe5 5. Nxe5 dxe5 6. Qxd8+ Kxd8 7. Bc4 f6
8. Be3 c6 9. Nd2 Kc7 10. Nb3 b6 11. O-O g5 12. a4 Bd7 13. a5 b5 14. Be2 Ne7 15.
a6 Nc8 16. Rfd1 Nb6 17. Nc5 Bxc5 18. Bxc5 Rhe8 19. Bh5 Rg8 20. Be7 Be6 21. Rd6
Bc4 22. Rad1 f5 23. b3 fxe4 24. bxc4 bxc4 25. Bf6 Nd5 26. Bxe5 Kb6 27. Bd4+
Kxa6 28. Rxc6+ Kb7 29. Rxc4 Rad8 30. Be5 g4 31. Rb1+ Ka8 32. Bf7 Rgf8 33. Bxd5+
Rxd5 34. Bg3 Rfd8 35. h3 e3 36. fxe3 gxh3 37. Rd4 Rxd4 38. exd4 hxg2 39. Kxg2
a5 40. c3 Rc8 41. Rc1 Kb7 42. c4 Kc6 43. Rb1 a4 44. d5+ Kc5 45. d6 a3 46. Kf3
a2 47. Ra1 Kxc4 48. Rxa2 Kd5 49. Rd2+ Ke6 50. Ke4 Kd7 51. Rf2 Rc4+ 52. Kd5 Rc1
53. Rf7+ Ke8 54. Rxh7 Rd1+ 55. Ke6 1-0

[Event "Weekend Accademia A Primavera"]
[Site "Roma ITA"]
[Date "2008.04.19"]
[Round "3"]
[White "Parrini, Daniele"]
[Black "Pecorari, Marcello"]
[Result "0-1"]
[WhiteElo "2054"]
[BlackElo "2075"]
[PlyCount "82"]
[EventDate "2008.04.18"]

1. e4 Nf6 2. e5 Nd5 3. d4 d6 4. Nf3 Bg4 5. Be2 e6 6. h3 Bh5 7. O-O Be7 8. c4
Nb6 9. Nc3 O-O 10. Be3 a6 11. b3 d5 12. c5 N6d7 13. g4 Bg6 14. Ne1 f5 15. f4
Nc6 16. Bf3 h6 17. Qd2 Qe8 18. Qg2 Rd8 19. Kh1 fxg4 20. hxg4 Nxd4 21. Bxd4 Rxf4
22. Qd2 Rxd4 23. Qxd4 Bxc5 24. Qf4 Qe7 25. Rd1 Rf8 26. Qg3 Qg5 27. Nxd5 Nxe5
28. Nxc7 Nxg4 29. Bxg4 Rxf1+ 30. Kh2 Bf2 31. Bxe6+ Kh7 32. Qxg5 hxg5 33. Bc8
Be4 34. Nf3 Bg1+ 35. Nxg1 Rxd1 36. Ne6 Rd2+ 37. Kh3 Kg6 38. Nc5 Bf5+ 39. Bxf5+
Kxf5 40. Nxb7 Kf4 41. Nc5 g4+ 0-1

[Event "Weekend Accademia A Primavera"]
[Site "Roma ITA"]
[Date "2008.04.19"]
[Round "3"]
[White "Piankov, Evgenij"]
[Black "Caprio, Guido"]
[Result "1-0"]
[WhiteElo "2341"]
[BlackElo "2140"]
[PlyCount "35"]
[EventDate "2008.04.18"]

1. d4 Nf6 2. c3 g6 3. Nf3 Bg7 4. Bg5 O-O 5. Nbd2 d6 6. e4 c5 7. dxc5 dxc5 8.
Qc2 Nc6 9. Be2 Qc7 10. O-O Nh5 11. Rfd1 Ne5 12. Nxe5 Bxe5 13. Bh6 Rd8 14. Nc4
Be6 15. Nxe5 Qxe5 16. Rxd8+ Rxd8 17. Rd1 Ra8 18. Qd2 1-0

[Event "Weekend Accademia A Primavera"]
[Site "Roma ITA"]
[Date "2008.04.19"]
[Round "3"]
[White "Proietti, Giorgio"]
[Black "Marzio, Mario"]
[Result "1-0"]
[WhiteElo "1944"]
[BlackElo "1480"]
[PlyCount "137"]
[EventDate "2008.04.18"]

1. d4 c5 2. Nf3 e6 3. c4 Nc6 4. Nc3 Nxd4 5. Nxd4 cxd4 6. Qxd4 Qf6 7. Qd3 Bc5 8.
Ne4 Bb4+ 9. Nd2 b6 10. a3 Bxd2+ 11. Bxd2 Bb7 12. Bc3 e5 13. e4 Rd8 14. Qg3 d6
15. Bd3 Ne7 16. O-O Ng6 17. Rfe1 Nf4 18. Bf1 Qg6 19. Qxg6 Nxg6 20. f3 Rc8 21.
Red1 Ke7 22. Rac1 Ba6 23. c5 Bxf1 24. cxd6+ Kd7 25. Kxf1 Rc6 26. Bb4 a5 27.
Rxc6 Kxc6 28. Rc1+ Kd7 29. Rc7+ Ke6 30. Be1 Rd8 31. Bf2 Rxd6 32. Rb7 Rd1+ 33.
Ke2 Rd6 34. Rxb6 Nf4+ 35. Kf1 a4 36. Rxd6+ Kxd6 37. Be1 Nd3 38. Bc3 f6 39. g3
Kc5 40. Ke2 Kc4 41. Kd2 h5 42. h4 g6 43. f4 Nc5 44. Ke3 exf4+ 45. gxf4 Nd7 46.
e5 fxe5 47. fxe5 Kd5 48. Kf4 Ke6 49. Kg5 Nxe5 50. Bxe5 Kxe5 51. Kxg6 Kf4 52.
Kxh5 Kf5 53. Kh6 Kf6 54. h5 Kf7 55. Kg5 Kg7 56. Kf5 Kh6 57. Ke4 Kxh5 58. Kd4
Kg5 59. Kc4 Kf5 60. Kb4 Ke5 61. Kxa4 Kd5 62. Kb5 Kd6 63. Kb6 Kd7 64. Kb7 Kd6
65. a4 Kc5 66. a5 Kb5 67. a6 Kb4 68. a7 Kb3 69. a8=Q 1-0

[Event "Weekend Accademia A Primavera"]
[Site "Roma ITA"]
[Date "2008.04.19"]
[Round "3"]
[White "Protaziuk, Grzegorz"]
[Black "Prudenzano, Ruggero"]
[Result "1-0"]
[WhiteElo "2335"]
[BlackElo "1926"]
[PlyCount "67"]
[EventDate "2008.04.18"]

1. d4 Nf6 2. Nf3 g6 3. Bf4 d6 4. h3 Bg7 5. e3 O-O 6. Be2 c5 7. c3 cxd4 8. exd4
Nbd7 9. O-O a6 10. a4 b6 11. Re1 Bb7 12. Nbd2 Rc8 13. Bd3 Re8 14. Bg3 Nh5 15.
Bh2 e5 16. Ne4 Nf8 17. dxe5 dxe5 18. Bf1 Bxe4 19. Rxe4 Qxd1 20. Rxd1 f5 21. Rb4
e4 22. Nd4 b5 23. axb5 axb5 24. Nxb5 Red8 25. Nd6 h6 26. Be2 Ra8 27. Bxh5 gxh5
28. Re1 Ra2 29. Nxf5 Rd2 30. Rb1 Bxc3 31. bxc3 Rxf2 32. Ne3 Rfe2 33. Rxe4 Nd7
34. Re7 1-0

[Event "Weekend Accademia A Primavera"]
[Site "Roma ITA"]
[Date "2008.04.19"]
[Round "3"]
[White "Quimi, Marco"]
[Black "Tosoni, Augusto"]
[Result "1/2-1/2"]
[WhiteElo "2253"]
[BlackElo "2265"]
[PlyCount "104"]
[EventDate "2008.04.18"]

1. e4 c5 2. Nf3 d6 3. Bc4 e6 4. Qe2 Nc6 5. O-O Be7 6. c3 d5 7. Bb5 Nf6 8. e5
Nd7 9. d4 Qb6 10. Rd1 a6 11. Ba4 Qd8 12. Bxc6 bxc6 13. Nbd2 O-O 14. Nf1 cxd4
15. cxd4 c5 16. b3 Bb7 17. Bb2 Rc8 18. Rac1 Qa5 19. Bc3 Qb6 20. Ne3 cxd4 21.
Bxd4 Qa5 22. h4 Rxc1 23. Rxc1 Rc8 24. Rxc8+ Bxc8 25. Qc2 Bb7 26. h5 h6 27. Nd1
Nc5 28. Nc3 Ne4 29. Na4 Ng5 30. Nxg5 Bxg5 31. Kf1 Qb5+ 32. Kg1 Bc6 33. Nc5 Qb4
34. Qc3 Qb5 35. Nd3 Be8 36. g3 Be7 37. a4 Qb7 38. Bc5 d4 39. Qxd4 Qxb3 40. Nb4
Bxc5 41. Qxc5 Qd1+ 42. Kg2 Qxa4 43. Kh2 a5 44. Na6 Bc6 45. Nb8 Bd5 46. Qc8+ Kh7
47. Nd7 Qc6 48. Qe8 Qa8 49. Qxf7 Kh8 50. Nf8 a4 51. Ng6+ Kh7 52. Nf8+ Kh8
1/2-1/2

[Event "Weekend Accademia A Primavera"]
[Site "Roma ITA"]
[Date "2008.04.19"]
[Round "3"]
[White "Sibilio, Mario"]
[Black "Di Lascio, Savino"]
[Result "1-0"]
[WhiteElo "2362"]
[BlackElo "1997"]
[PlyCount "39"]
[EventDate "2008.04.18"]

1. d4 Nf6 2. c4 e6 3. Nc3 Bb4 4. Bg5 h6 5. Bh4 O-O 6. e3 d5 7. Nf3 Nbd7 8. Rc1
c6 9. Bd3 Qa5 10. O-O a6 11. c5 Bxc3 12. bxc3 Ne4 13. Bxe4 dxe4 14. Nd2 Qxa2
15. Nxe4 Qd5 16. Nd6 Nf6 17. Bxf6 gxf6 18. f4 e5 19. e4 Qe6 20. Nf5 1-0

[Event "Weekend Accademia A Primavera"]
[Site "Roma ITA"]
[Date "2008.04.19"]
[Round "4"]
[White "Bolog, Iacint"]
[Black "Pastore, Cosmas"]
[Result "1/2-1/2"]
[WhiteElo "1697"]
[BlackElo "1805"]
[PlyCount "81"]
[EventDate "2008.04.18"]

1. e4 d5 2. e5 Bf5 3. d4 e6 4. Nf3 c5 5. c3 Nc6 6. a3 Qb6 7. b4 cxd4 8. cxd4
Bg4 9. Bb2 Nge7 10. h3 Bh5 11. g4 Bg6 12. Nc3 h5 13. Na4 Qc7 14. Bg2 hxg4 15.
hxg4 Rxh1+ 16. Bxh1 Be4 17. Nc5 Bxf3 18. Qxf3 b6 19. Na6 Qb7 20. b5 Na5 21. Rc1
Rc8 22. Rxc8+ Qxc8 23. Qc3 Kd8 24. Qxc8+ Kxc8 25. f4 Ng8 26. Ke2 Nc4 27. Bc1
Bxa3 28. Bd2 Nxd2 29. Kxd2 Ne7 30. Bf3 Ng6 31. f5 Nf8 32. Kc3 Nd7 33. fxe6 fxe6
34. Kb3 Be7 35. Kc3 Bg5 36. Be2 Bh4 37. Bd3 Nf8 38. Kb3 Bf2 39. Kc3 Kb7 40. Bc2
Bh4 41. Bd3 1/2-1/2

[Event "Weekend Accademia A Primavera"]
[Site "Roma ITA"]
[Date "2008.04.19"]
[Round "4"]
[White "Caprio, Guido"]
[Black "Mazza, Maurizio"]
[Result "1-0"]
[WhiteElo "2140"]
[BlackElo "1750"]
[PlyCount "39"]
[EventDate "2008.04.18"]

1. e4 e5 2. f4 exf4 3. Bc4 Be7 4. d4 Bh4+ 5. Kf1 Nf6 6. Qf3 O-O 7. Bxf4 Nxe4 8.
Qxe4 Re8 9. Be5 d6 10. Nf3 Bf6 11. Bxf6 gxf6 12. Qh4 Bf5 13. Nc3 Nc6 14. Nd5
Re6 15. Re1 Kg7 16. Nf4 Rxe1+ 17. Kxe1 Qe7+ 18. Kd2 Ne5 19. dxe5 dxe5 20. Qxf6+
1-0